000 00685cam a22002531 4500
001 8733
003 BD-RjUL
005 20211208234636.0
008 14 t1959 nyu 001 0 eng
035 _a(BD-RjUL)8778
035 _a(OCoLC)1048617
040 _aDLC
_cOT
_dOCoLC
_dDLC
_dBD-RjUL
_beng
041 _aeng
082 0 4 _216
_a529
_bACC 1959
100 1 _aAchelis, Elisabeth,
_d1880-1973.
_927174
245 1 4 _aThe calendar for the modern age /
_cby Elisabeth Achelis.
260 _aNew York :
_bNelson,
_cc1959
300 _a220 p. ;
_c23 cm.
504 _aincludes index.
650 0 _aCalendar.
_927096
942 _2ddc
_cBK
999 _c8733
_d8733